[Event "Bodensee op 9th"]
[Site "Bregenz"]
[Date "2025.06.01"]
[Round "9"]
[White "Wacker, Peter"]
[Black "Fauth, Dietmar"]
[Result "1/2-1/2"]
[WhiteElo "2186"]
[BlackElo "2055"]
[PlyCount "47"]
[EventDate "2025.05.24"]
[EventType "swiss"]
[EventRounds "9"]
[EventCountry "AUT"]
[SourceTitle "CB23_2025"]
[SourceDate "2025.06.04"]
[SourceVersion "1"]
[SourceVersionDate "2025.06.04"]
[SourceQuality "1"]

1. e4 c5 2. d4 cxd4 3. Qxd4 Nc6 4. Qd3 g6 5. Nc3 Bg7 6. Nf3 d6 7. Be2 Nf6 8. 0-0 0-0 9. Nd5 Nd7 10. c3 Nc5 11. Qc2 Bd7 12. b4 Ne6 13. Rb1 Rc8 14. Qb3 Nc7 15. Be3 e6 16. Nxc7 Qxc7 17. Rbc1 Rfe8 18. Rfd1 b6 19. c4 e5 20. h3 Be6 21. Ng5 Rcd8 22. Bg4 Bxg4 23. hxg4 Nd4 24. Qd3 1/2-1/2

[Event "Bodensee op 9th"]
[Site "Bregenz"]
[Date "2025.05.26"]
[Round "3"]
[White "Wacker, Peter"]
[Black "Boensch, Uwe"]
[Result "1/2-1/2"]
[WhiteElo "2186"]
[BlackElo "2456"]
[PlyCount "29"]
[EventDate "2025.05.24"]
[EventType "swiss"]
[EventRounds "9"]
[EventCountry "AUT"]
[SourceTitle "CB23_2025"]
[SourceDate "2025.06.04"]
[SourceVersion "1"]
[SourceVersionDate "2025.06.04"]
[SourceQuality "1"]

1. e4 c5 2. d4 cxd4 3. Qxd4 Nc6 4. Qd3 d6 5. Nc3 g6 6. Nf3 Bg7 7. Be2 Nf6 8. 0-0 0-0 9. Nd5 Bg4 10. c3 Nxd5 11. exd5 Bxf3 12. Qxf3 Ne5 13. Qe4 a6 14. a4 Nd7 15. a5 1/2-1/2

[Event "Bodensee op 9th"]
[Site "Bregenz"]
[Date "2025.05.25"]
[Round "2"]
[White "Wacker, Peter"]
[Black "Hofene, Dieter"]
[Result "1-0"]
[WhiteElo "2186"]
[BlackElo "2053"]
[PlyCount "87"]
[EventDate "2025.05.24"]
[EventType "swiss"]
[EventRounds "9"]
[EventCountry "AUT"]
[SourceTitle "CB23_2025"]
[SourceDate "2025.06.04"]
[SourceVersion "1"]
[SourceVersionDate "2025.06.04"]
[SourceQuality "1"]

1. d4 e6 2. c4 Nf6 3. Nc3 Bb4 4. Qc2 0-0 5. a3 Bxc3+ 6. Qxc3 Qe8 7. Nf3 d6 8. b3 b6 9. g3 Bb7 10. Bg2 Ne4 11. Qc2 f5 12. 0-0 Nd7 13. Bb2 Qh5 14. Ne1 Rf6 15. Bc1 Rb8 16. f3 Ng5 17. Bxg5 Qxg5 18. f4 Qg6 19. Bxb7 Rxb7 20. Nf3 c5 21. Rad1 Rb8 22. dxc5 Nxc5 23. Rxd6 Ne4 24. Rd3 Qh5 25. Rfd1 h6 26. Ne5 Re8 27. b4 g5 28. e3 Rff8 29. Nd7 Rf7 30. c5 bxc5 31. bxc5 Qh3 32. c6 Rc8 33. Ne5 Rff8 34. Qg2 Qh5 35. Rd7 Nf6 36. R7d2 Nd5 37. Rxd5 exd5 38. Qxd5+ Kh8 39. Qd4 Kg8 40. Qc4+ Kh8 41. Rd7 Qe8 42. Qd4 Kg8 43. Qd5+ Kh8 44. Qd6 1-0

[Event "Bodensee op 9th"]
[Site "Bregenz"]
[Date "2025.05.24"]
[Round "1"]
[White "Heilinger, Dietmar"]
[Black "Wacker, Peter"]
[Result "0-1"]
[WhiteElo "1991"]
[BlackElo "2186"]
[PlyCount "86"]
[EventDate "2025.05.24"]
[EventType "swiss"]
[EventRounds "9"]
[EventCountry "AUT"]
[SourceTitle "CB23_2025"]
[SourceDate "2025.06.04"]
[SourceVersion "1"]
[SourceVersionDate "2025.06.04"]
[SourceQuality "1"]

1. c4 e6 2. g3 d5 3. Bg2 Nf6 4. Nf3 dxc4 5. Na3 Bxa3 6. bxa3 Nc6 7. Qc2 0-0 8. Bb2 Re8 9. Ne5 Nxe5 10. Bxe5 Nd7 11. Bb2 Nb6 12. 0-0 Qe7 13. a4 Qb4 14. Be5 c6 15. Rfb1 Qa5 16. Qe4 Nxa4 17. Qf4 f6 18. Bc7 Nb6 19. Bxb6 axb6 20. Qxc4 b5 21. Qc2 Rd8 22. Rd1 Qa4 23. Qb1 f5 24. f4 e5 25. e4 exf4 26. exf5 fxg3 27. hxg3 Qd4+ 28. Kh2 Ra3 29. Qe4 Rd3 30. a4 Qxe4 31. Bxe4 Rxd2+ 32. Rxd2 Rxd2+ 33. Kh3 Rd4 34. Bc2 bxa4 35. g4 b5 36. Re1 Kf8 37. Kh4 Bd7 38. Re3 h6 39. Kg3 Kf7 40. Kf3 Kf6 41. Be4 c5 42. Rc3 c4 43. Ke3 Ke5 0-1

[Event "Titled Tuesday intern op 07th Jan Early"]
[Site "Chess.com INT"]
[Date "2025.01.07"]
[Round "3"]
[White "Galego, Luis"]
[Black "Wacker, Peter"]
[Result "1-0"]
[WhiteElo "2421"]
[BlackElo "2207"]
[PlyCount "141"]
[EventDate "2025.01.07"]
[EventType "swiss (blitz)"]
[EventRounds "11"]
[EventCountry "USA"]
[SourceTitle "CB03_2025"]
[SourceDate "2025.01.15"]
[SourceVersion "1"]
[SourceVersionDate "2025.01.15"]
[SourceQuality "1"]

1. d4 d5 2. Nf3 Nf6 3. c4 dxc4 4. Nc3 e6 5. e3 a6 6. Bxc4 c5 7. 0-0 b5 8. Be2 Bb7 9. b3 cxd4 10. Nxd4 Be7 11. Bf3 Qb6 12. a4 b4 13. a5 Qa7 14. Ncb5 axb5 15. Nxb5 Bxf3 16. Qxf3 Qd7 17. Qxa8 Qxb5 18. a6 Bc5 19. a7 Bxa7 20. Qxa7 0-0 21. Bb2 Nd5 22. Rfc1 Nc3 23. Bxc3 bxc3 24. Rxc3 Nd7 25. Qa4 Qb7 26. Rac1 Nf6 27. Rc7 Qd5 28. Qc4 Qd2 29. Rc8 g6 30. Qc3 Qxc3 31. Rxf8+ Kxf8 32. Rxc3 Nd5 33. Rc4 Ke7 34. b4 Kd6 35. b5 Kd7 36. e4 Nb6 37. Rc6 Nc8 38. e5 g5 39. Kf1 Ne7 40. Rd6+ Kc8 41. Ke2 Ng6 42. Rc6+ Kb7 43. Rc5 Kb6 44. Rc8 Nxe5 45. Rh8 Kxb5 46. Rxh7 Kc6 47. Rg7 g4 48. h4 gxh3 49. gxh3 Kd6 50. h4 Ke7 51. h5 Kf8 52. Rg5 Nd7 53. h6 Nf6 54. Ke3 e5 55. f3 Ke7 56. Rxe5+ Kf8 57. Rg5 Nh7 58. Rg1 Nf6 59. Kf4 Nh7 60. Kf5 f6 61. Rg7 Ng5 62. Rxg5 fxg5 63. Kxg5 Kf7 64. f4 Kg8 65. Kg6 Kh8 66. Kf7 Kh7 67. f5 Kh8 68. f6 Kh7 69. Ke7 Kg8 70. f7+ Kh7 71. f8Q 1-0

[Event "Titled Tuesday intern op 07th Jan Early"]
[Site "Chess.com INT"]
[Date "2025.01.07"]
[Round "1"]
[White "Wacker, Peter"]
[Black "Belli, Giorgio"]
[Result "1/2-1/2"]
[WhiteElo "2207"]
[BlackElo "2205"]
[PlyCount "140"]
[EventDate "2025.01.07"]
[EventType "swiss (blitz)"]
[EventRounds "11"]
[EventCountry "USA"]
[SourceTitle "CB03_2025"]
[SourceDate "2025.01.15"]
[SourceVersion "1"]
[SourceVersionDate "2025.01.15"]
[SourceQuality "1"]

1. Nf3 Nf6 2. e3 b6 3. c4 Bb7 4. b3 d5 5. Bb2 dxc4 6. Bxc4 e6 7. 0-0 Be7 8. d4 0-0 9. Nc3 c5 10. Rc1 Ne4 11. Nxe4 Bxe4 12. Bd3 Qd5 13. Bxe4 Qxe4 14. Re1 Na6 15. Qe2 Nb4 16. Nd2 Qd3 17. Ra1 Bf6 18. Nf3 Rac8 19. a3 Qxe2 20. Rxe2 Nd3 21. Bc3 cxd4 22. Bxd4 e5 23. Rd1 Nc1 24. Ree1 exd4 25. Rxc1 Rxc1 26. Rxc1 dxe3 27. fxe3 Bb2 28. Rc7 Bxa3 29. Rxa7 Bc5 30. Kf2 Re8 31. Nd4 g6 32. Rb7 Rd8 33. Ke2 Bxd4 34. exd4 Rxd4 35. Rxb6 Kg7 36. Rb8 Kf6 37. h3 h5 38. Rb7 Ke6 39. b4 f5 40. Rb6+ Ke5 41. b5 g5 42. Rb8 Kf4 43. Re8 Rb4 44. Kf2 h4 45. Re2 Rxb5 46. Rc2 Rb4 47. Rd2 g4 48. hxg4 fxg4 49. Ra2 g3+ 50. Ke2 Rc4 51. Rb2 Kg4 52. Ra2 Re4+ 53. Kf1 Rf4+ 54. Kg1 h3 55. gxh3+ Kxh3 56. Ra8 Kg4 57. Kg2 Rf2+ 58. Kg1 Rf5 59. Kg2 Rf2+ 60. Kg1 Kf3 61. Ra3+ Kf4 62. Ra4+ Ke3 63. Ra3+ Kf4 64. Ra4+ Kg5 65. Rb4 Rd2 66. Rc4 Re2 67. Rb4 Rf2 68. Ra4 Rf4 69. Ra8 Kg4 70. Kg2 Rf2+ 1/2-1/2

[Event "EU-ch Seniors 50"]
[Site "Lignano Sabbiadoro"]
[Date "2024.11.01"]
[Round "8"]
[White "Kirszenberg, Marc"]
[Black "Wacker, Peter"]
[Result "1/2-1/2"]
[WhiteElo "2070"]
[BlackElo "2228"]
[PlyCount "32"]
[EventDate "2024.10.25"]
[EventType "swiss"]
[EventRounds "9"]
[EventCountry "ITA"]
[SourceTitle "CB45_2024"]
[Source "ChessBase"]
[SourceDate "2024.11.06"]
[SourceVersion "1"]
[SourceVersionDate "2024.11.06"]
[SourceQuality "1"]

1. d4 Nf6 2. c4 e6 3. Nc3 Bb4 4. f3 c5 5. d5 d6 6. e4 0-0 7. Nge2 b5 8. Ng3 bxc4 9. Bxc4 exd5 10. Bxd5 Nxd5 11. Qxd5 Qb6 12. Bf4 Be6 13. Qxa8 Nd7 14. Qxf8+ Kxf8 15. 0-0 Bxc3 16. bxc3 g6 1/2-1/2

[Event "EU-ch Seniors 50"]
[Site "Lignano Sabbiadoro"]
[Date "2024.10.26"]
[Round "9"]
[White "Wacker, Peter"]
[Black "Llopis de Aysa, Manuel"]
[Result "1/2-1/2"]
[WhiteElo "2228"]
[BlackElo "1987"]
[PlyCount "73"]
[EventDate "2024.10.25"]
[EventType "swiss"]
[EventRounds "9"]
[EventCountry "ITA"]
[SourceTitle "CB45_2024"]
[Source "ChessBase"]
[SourceDate "2024.11.06"]
[SourceVersion "1"]
[SourceVersionDate "2024.11.06"]
[SourceQuality "1"]

1. e4 e6 2. d4 d5 3. Nd2 Be7 4. Ngf3 Nf6 5. Bd3 c5 6. exd5 Qxd5 7. dxc5 Qxc5 8. 0-0 Nbd7 9. Qe2 Qc7 10. Nb3 b6 11. Bg5 Bb7 12. c3 0-0 13. Ba6 Bxa6 14. Qxa6 Nc5 15. Nxc5 Qxc5 16. Rfd1 Ne4 17. Bxe7 Qxe7 18. Rd4 Nc5 19. Qb5 e5 20. Re1 f6 21. Rd5 Rad8 22. Qc4 Rxd5 23. Qxd5+ Qe6 24. Rd1 Qxd5 25. Rxd5 Kf7 26. Kf1 Ke7 27. Rd1 Na4 28. Rb1 Rd8 29. Ke2 Ke6 30. Nd2 Rd7 31. Kd1 f5 32. Kc2 Rc7 33. Re1 Kf6 34. h4 g6 35. f3 h6 36. g4 Nc5 37. Re2 1/2-1/2

[Event "Arber op 11th"]
[Site "Bodenmais"]
[Date "2024.08.02"]
[Round "7"]
[White "Pap, Misa"]
[Black "Wacker, Peter"]
[Result "1-0"]
[WhiteElo "2399"]
[BlackElo "2204"]
[PlyCount "101"]
[EventDate "2024.07.27"]
[EventType "swiss"]
[EventRounds "9"]
[EventCountry "GER"]
[SourceTitle "CBM 221 Extra"]
[Source "ChessBase"]
[SourceDate "2024.09.30"]
[SourceVersion "1"]
[SourceVersionDate "2024.09.30"]
[SourceQuality "1"]

1. e4 e5 2. Nf3 Nf6 3. d4 Nxe4 4. Bd3 d5 5. Nxe5 Nd7 6. 0-0 Nxe5 7. dxe5 Nc5 8. f4 Nxd3 9. Qxd3 g6 10. Be3 c6 11. Nc3 Bf5 12. Qd2 Be7 13. Ne2 b6 14. Nd4 Qd7 15. Qc3 Be4 16. Qxc6 Qxc6 17. Nxc6 Bxc2 18. Rac1 Ba4 19. Nd4 Bc5 20. Nc2 Kd7 21. b3 Bb5 22. Rfd1 Rac8 23. Rxd5+ Ke6 24. Rcd1 Bc6 25. R5d2 Bxe3+ 26. Nxe3 Ke7 27. Nc4 Rc7 28. Kf2 f6 29. exf6+ Kxf6 30. Rd6+ Kg7 31. Ne5 Be8 32. Ke3 Rf8 33. h4 Rf6 34. Rd8 Re6 35. g3 Ree7 36. R8d6 Rb7 37. Rc1 Bf7 38. Rcc6 Be8 39. Rc8 Rbc7 40. Rdd8 Bf7 41. Kd4 Be6 42. Rxc7 Rxc7 43. Re8 Bf5 44. g4 Bb1 45. a3 Ba2 46. b4 Bb3 47. g5 Bc2 48. Kd5 h6 49. Kd6 Rb7 50. Nd7 hxg5 51. Re7+ 1-0

[Event "Arber op 11th"]
[Site "Bodenmais"]
[Date "2024.08.01"]
[Round "6"]
[White "Morawietz, Dieter"]
[Black "Wacker, Peter"]
[Result "1/2-1/2"]
[WhiteElo "2386"]
[BlackElo "2204"]
[PlyCount "72"]
[EventDate "2024.07.27"]
[EventType "swiss"]
[EventRounds "9"]
[EventCountry "GER"]
[SourceTitle "CBM 221 Extra"]
[Source "ChessBase"]
[SourceDate "2024.09.30"]
[SourceVersion "1"]
[SourceVersionDate "2024.09.30"]
[SourceQuality "1"]

1. c4 e6 2. Nc3 d5 3. d4 Nf6 4. Bg5 Bb4 5. e3 h6 6. Bh4 g5 7. Bg3 Ne4 8. Nge2 h5 9. h3 Nxg3 10. Nxg3 h4 11. Nge2 c6 12. a3 Be7 13. Nc1 Nd7 14. Qc2 a6 15. b4 dxc4 16. Bxc4 a5 17. b5 c5 18. N1e2 Nb6 19. Bd3 cxd4 20. exd4 f5 21. 0-0 Qd6 22. Rad1 0-0 23. a4 Bd7 24. Qa2 Rac8 25. Bc2 Qa3 26. Qxa3 Bxa3 27. Bb3 Kg7 28. Rd3 Bb4 29. f4 gxf4 30. Rxf4 Rh8 31. g3 Bd6 32. Rxh4 Rxh4 33. gxh4 Rh8 34. Kg2 Rxh4 35. Ng1 Rh8 36. Nf3 Kf6 1/2-1/2

[Event "Arber op 11th"]
[Site "Bodenmais"]
[Date "2024.07.27"]
[Round "1"]
[White "Schmied, Eva Maria"]
[Black "Wacker, Peter"]
[Result "0-1"]
[WhiteElo "1887"]
[BlackElo "2204"]
[PlyCount "102"]
[EventDate "2024.07.27"]
[EventType "swiss"]
[EventRounds "9"]
[EventCountry "GER"]
[SourceTitle "CBM 221 Extra"]
[Source "ChessBase"]
[SourceDate "2024.09.30"]
[SourceVersion "1"]
[SourceVersionDate "2024.09.30"]
[SourceQuality "1"]

1. e4 c5 2. Nf3 d6 3. d4 cxd4 4. Nxd4 Nf6 5. Nc3 a6 6. h3 e5 7. Nb3 Be6 8. g4 d5 9. exd5 Nxd5 10. Bg2 Nxc3 11. Qxd8+ Kxd8 12. bxc3 Nc6 13. Be3 Kc7 14. a4 a5 15. 0-0 Bc4 16. Rfb1 Be7 17. Nd2 Be6 18. Rb5 f6 19. Bb6+ Kc8 20. Rab1 Bd7 21. Be3 Rb8 22. Nc4 Kc7 23. Nb6 Be6 24. Nd5+ Bxd5 25. Bxd5 Bd6 26. Be6 Nd8 27. Bb6+ Kc6 28. Bd5+ Kd7 29. Bxa5 Bc7 30. Bxc7 Kxc7 31. Kf1 Ra8 32. R1b4 Ra7 33. Ke2 Nc6 34. Bxc6 bxc6 35. Rc5 Kd6 36. Rbc4 Ra6 37. f4 Re8 38. fxe5+ fxe5 39. Ke3 Rf8 40. Ke2 g5 41. Ke3 Rf1 42. Ke4 h6 43. Ke3 Re1+ 44. Kd3 Rf1 45. Ke4 Rf2 46. Kd3 Rh2 47. Ke4 Rxc2 48. Kf5 Rd2 49. Kg6 Rd5 50. Rxd5+ Kxd5 51. Rb4 c5+ 0-1

[Event "Titled Tuesday intern op 05th Mar Early"]
[Site "Chess.com INT"]
[Date "2024.03.05"]
[Round "9"]
[White "Estrada Nieto, Julian"]
[Black "Wacker, Peter"]
[Result "1-0"]
[WhiteElo "2195"]
[BlackElo "2238"]
[PlyCount "117"]
[EventDate "2024.03.05"]
[EventType "swiss (blitz)"]
[EventRounds "11"]
[EventCountry "USA"]
[SourceTitle "EXT 2025"]
[Source "ChessBase"]
[SourceDate "2024.10.14"]
[SourceVersion "1"]
[SourceVersionDate "2024.10.14"]
[SourceQuality "1"]

1. e4 e5 2. Nf3 Nf6 3. d4 exd4 4. e5 Ne4 5. Qxd4 d5 6. exd6 Nxd6 7. Bg5 Qd7 8. Nc3 Nc6 9. Qe3+ Qe6 10. 0-0-0 Qxe3+ 11. Bxe3 Be6 12. Ng5 0-0-0 13. Nxe6 fxe6 14. g3 Nf5 15. Rxd8+ Nxd8 16. Bf4 Nf7 17. Bh3 Bd6 18. Bd2 Bc5 19. Ne4 Bd4 20. c3 Be5 21. Re1 g6 22. Bg2 b6 23. f4 Bg7 24. Nf2 Re8 25. Bc6 Re7 26. Nd3 e5 27. fxe5 Nxe5 28. Nxe5 Rxe5 29. Rxe5 Bxe5 30. Kd1 Kd8 31. Bd5 Kd7 32. Ke2 c6 33. Bg8 h5 34. Kd3 Ne7 35. Bf7 Bf6 36. Bf4 h4 37. g4 g5 38. Bb8 a6 39. Ke4 b5 40. Ba7 a5 41. Bd4 Bxd4 42. cxd4 Kd6 43. Be8 Ke6 44. a3 Kd6 45. b3 Ke6 46. Bxc6 Nxc6 47. d5+ Kd6 48. dxc6 Kxc6 49. b4 axb4 50. axb4 Kd6 51. Kf5 Kd5 52. Kxg5 Kc4 53. Kxh4 Kxb4 54. g5 Ka5 55. g6 b4 56. g7 b3 57. g8Q b2 58. Qg1 b1Q 59. Qxb1 1-0

[Event "Titled Tuesday intern op 05th Mar Early"]
[Site "Chess.com INT"]
[Date "2024.03.05"]
[Round "1"]
[White "Goryachkina, Aleksandra"]
[Black "Wacker, Peter"]
[Result "0-1"]
[WhiteElo "2553"]
[BlackElo "2238"]
[PlyCount "92"]
[EventDate "2024.03.05"]
[EventType "swiss (blitz)"]
[EventRounds "11"]
[EventCountry "USA"]
[SourceTitle "EXT 2025"]
[Source "ChessBase"]
[SourceDate "2024.10.14"]
[SourceVersion "1"]
[SourceVersionDate "2024.10.14"]
[SourceQuality "1"]

1. e4 e5 2. Nf3 Nf6 3. Nc3 Nc6 4. h3 h6 5. Bb5 Bd6 6. 0-0 a6 7. Ba4 0-0 8. d3 Re8 9. Be3 Bf8 10. a3 d6 11. Bxc6 bxc6 12. Ne2 d5 13. Ng3 d4 14. Bd2 c5 15. b3 Nh7 16. Kh1 Qf6 17. Nh2 Bd6 18. Ng4 Qh4 19. Nh2 Bd7 20. Qh5 Qxh5 21. Nxh5 g6 22. Ng3 h5 23. f4 exf4 24. Bxf4 Kg7 25. Bxd6 cxd6 26. Nf3 f6 27. Nd2 Red8 28. a4 Be6 29. Ne2 g5 30. Ng3 h4 31. Nf5+ Kf7 32. Rf2 Rab8 33. Raf1 Rb7 34. Nh6+ Kg6 35. Rxf6+ Nxf6 36. Nf5 Bxf5 37. Rxf5 Nh7 38. Nc4 Rf7 39. Rd5 Nf6 40. Rxd6 Rxd6 41. Nxd6 Rf8 42. Kh2 Nh5 43. Nf5 Ng3 44. Nxg3 hxg3+ 45. Kxg3 Rf1 46. h4 gxh4+ 0-1

[Event "Titled Tuesday intern op 05th Mar Early"]
[Site "Chess.com INT"]
[Date "2024.03.05"]
[Round "8"]
[White "Wacker, Peter"]
[Black "Skliarov, Viktor"]
[Result "1-0"]
[WhiteElo "2238"]
[BlackElo "2349"]
[PlyCount "77"]
[EventDate "2024.03.05"]
[EventType "swiss (blitz)"]
[EventRounds "11"]
[EventCountry "USA"]
[SourceTitle "EXT 2025"]
[Source "ChessBase"]
[SourceDate "2024.10.14"]
[SourceVersion "1"]
[SourceVersionDate "2024.10.14"]
[SourceQuality "1"]

1. e4 c5 2. Nf3 Nc6 3. Bb5 e6 4. c3 Nge7 5. 0-0 a6 6. Be2 d5 7. exd5 Nxd5 8. d4 cxd4 9. Nxd4 Bd7 10. Bf3 Be7 11. a3 0-0 12. Nxc6 Bxc6 13. c4 Nf6 14. Bxc6 bxc6 15. Nc3 Qc7 16. Qf3 Qb7 17. b4 Qc8 18. Be3 e5 19. Rfc1 Qe6 20. Ne4 Nxe4 21. Qxe4 f5 22. Qc2 f4 23. Bd2 f3 24. Qe4 fxg2 25. Be3 Rad8 26. a4 Bxb4 27. c5 Bd2 28. Rd1 Bxe3 29. Qxe3 Qf5 30. Rd6 Rxd6 31. cxd6 h5 32. Rd1 h4 33. h3 Rd8 34. Qb3+ Kh7 35. Qc4 Qg6 36. Qxh4+ Kg8 37. Qxd8+ Kh7 38. Qh4+ Qh6 39. Qxh6+ 1-0